000 00323cam a22000977a 4500
008 180718b xxu||||| |||| 00| 0 eng d
082 _ak11mx73p96
100 _aFrank P.Zeidler
245 _aMobilizing To Meet Cipal Manpower Challenges
_cZeidler Frank P.
260 _a
_bPublic Personnel Association 1313 East 60th Street, Chicago
_c
999 _c502526
_d502526